000 00786nas a2200241 4500
001 BR2012007999
003 BR-BrBNA
005 20231205121350.0
007 ta
008 230509b bl.|||p| |||| 00| 00por d
040 _aBR-BrBNA
_bpor
_cBiblioteca Nacional de Agricultura
041 _a(Pt)
072 _aL60; M11
100 1 _aHolanda, F.C.A.F.
100 1 _aAsano Filho, M.
245 1 _aRegistro da ocorrência do tubarão-duende, Mitsukurina owstoni Jordan, 1898 (Lamniformes: Mitsukurinidae)na região Norte do Brasil
650 _aPESCA
650 _aCAÇÃO
650 _aTAXONOMIA
773 0 _tArquivos de Ciências do Mar (Brazil)
_xISSN 0374-5686
_g(2008), v. 41(2) p. 101-104
_wBR2012007999
909 _a202311
_bLúcia
_c55
_dLúcia Elande
942 _2AGRIS
_n0
_cANA
999 _c223177
_d223177